Diccionario de administración de personal
Guardat en:
| Autor principal: | |
|---|---|
| Format: | Llibre |
| Idioma: | espanyol |
| Publicat: |
Valparaíso
Universidad Católica de Valparaíso
1977
|
| Edició: | 1a. ed |
| Matèries: | |
| Etiquetes: |
Afegir etiqueta
Sense etiquetes, Sigues el primer a etiquetar aquest registre!
|
MARC
| LEADER | 00000nam a2200000 a 4500 | ||
|---|---|---|---|
| 001 | UCP2811 | ||
| 003 | CL-VaPUC | ||
| 008 | 990531e19770000CL |||||||||||||||||spa|d | ||
| 082 | 0 | 4 | |a 658.003 |b ROS |2 21 |
| 100 | 0 | |a Roselló Torrezúriz, Luis |e author |9 429788 | |
| 245 | 1 | 0 | |a Diccionario de administración de personal |
| 250 | |a 1a. ed | ||
| 300 | |a 120 p | ||
| 942 | |c BK | ||
| 945 | |d 19990531 00:00:00 |a cmena | ||
| 260 | |a Valparaíso |b Universidad Católica de Valparaíso |c 1977 | ||
| 650 | 0 | |a Administración de empresas |9 260833 | |
| 650 | 0 | |a Diccionarios |9 256200 | |
| 650 | 0 | |a Glosarios |9 261047 | |
| 583 | |a last modification |c 19990531 00:00:00 |k Rodrigo Vera | ||
| 999 | |c 281281 |d 281279 | ||
| 952 | |0 0 |1 0 |4 0 |6 658_003000000000000_ROS_1977 |7 0 |8 A |9 321979 |a BIBMEC |b BIBMEC |d 2019-11-20 |i 1380281 |o 658.003 ROS 1977 |p 1380281 |r 2024-01-19 |w 2019-11-20 |y BK |k MEC | ||
| 952 | |0 0 |1 0 |4 0 |6 658_003000000000000_ROS_1977 |7 0 |8 A |9 321981 |a BIBMEC |b BIBMEC |d 2019-11-20 |i 1380303 |o 658.003 ROS 1977 |p 1380303 |r 2024-01-19 |w 2019-11-20 |y BK |k MEC | ||
| 952 | |0 0 |1 0 |4 0 |6 658_003000000000000_ROS_1977 |7 0 |8 X |9 321982 |a FDOBUD |b FDOBUD |d 2019-11-20 |i 1023683 |o 658.003 ROS 1977 |p 1023683 |r 2019-11-20 |w 2019-11-20 |y BK_X |k BUD | ||